000
00226nam a2200097Ia 4500
008
240331s9999 xx 000 0 und d
082
_b
VEN
100
_a
Venkadaraman, R
245
0
_a
Inthiya vduthalai Iyakka varalaru
942
_c
L
999
_c
2372
_d
2372